<?xml version="1.0" encoding="UTF-8"?>
<record
    xmlns:xsi="http://www.w3.org/2001/XMLSchema-instance"
    xsi:schemaLocation="http://www.loc.gov/MARC21/slim http://www.loc.gov/standards/marcxml/schema/MARC21slim.xsd"
    xmlns="http://www.loc.gov/MARC21/slim">

  <leader>01023nam a22002297a 4500</leader>
  <controlfield tag="005">20140404142819.0</controlfield>
  <controlfield tag="008">951111s1993    us a    r     10010 eng d</controlfield>
  <datafield tag="020" ind1=" " ind2=" ">
    <subfield code="a">082132585X</subfield>
  </datafield>
  <datafield tag="041" ind1="0" ind2=" ">
    <subfield code="a">eng</subfield>
  </datafield>
  <datafield tag="082" ind1="0" ind2="4">
    <subfield code="a">338.1 </subfield>
    <subfield code="b">S77a</subfield>
  </datafield>
  <datafield tag="111" ind1="2" ind2="0">
    <subfield code="a">Agriculture and environmental challenges </subfield>
    <subfield code="d">(1993 : </subfield>
    <subfield code="c">Washington)</subfield>
    <subfield code="n">13</subfield>
    <subfield code="9">23410</subfield>
  </datafield>
  <datafield tag="245" ind1="1" ind2="0">
    <subfield code="a">Agricultural Sector Symposium : </subfield>
    <subfield code="b">proceedings of the thirteenth agricultural sector symposium.</subfield>
    <subfield code="c">Editors Jitendra P. Srivastava and Harold Alderman.</subfield>
  </datafield>
  <datafield tag="260" ind1=" " ind2=" ">
    <subfield code="a">Washington : </subfield>
    <subfield code="b">The World Bank, </subfield>
    <subfield code="c">1993.</subfield>
  </datafield>
  <datafield tag="300" ind1=" " ind2=" ">
    <subfield code="a">289 p. : </subfield>
    <subfield code="b">il. ; </subfield>
    <subfield code="c">27 cm.</subfield>
  </datafield>
  <datafield tag="650" ind1=" " ind2="6">
    <subfield code="a">Contaminaci&#xF3;n agr&#xED;cola</subfield>
    <subfield code="v"> Congresos, conferencias, etc..</subfield>
    <subfield code="9">23411</subfield>
  </datafield>
  <datafield tag="650" ind1=" " ind2=" ">
    <subfield code="a">Desarrollo agr&#xED;cola</subfield>
    <subfield code="v">Congresos, conferencias, etc..</subfield>
    <subfield code="9">23412</subfield>
  </datafield>
  <datafield tag="650" ind1=" " ind2="6">
    <subfield code="a">Desarrollo sostenible</subfield>
    <subfield code="v">Congresos, conferencias, etc..</subfield>
    <subfield code="9">23413</subfield>
  </datafield>
  <datafield tag="650" ind1=" " ind2="6">
    <subfield code="a">Tecnolog&#xED;a agr&#xED;cola</subfield>
    <subfield code="v">Congresos, conferencias, etc..</subfield>
    <subfield code="9">23414</subfield>
  </datafield>
  <datafield tag="700" ind1="1" ind2=" ">
    <subfield code="a">Srivastava, Jitendra P., </subfield>
    <subfield code="d">1940-, </subfield>
    <subfield code="e">ed.</subfield>
    <subfield code="9">23415</subfield>
  </datafield>
  <datafield tag="700" ind1="1" ind2=" ">
    <subfield code="a">Alderman, Harold, </subfield>
    <subfield code="d">1948-, </subfield>
    <subfield code="e">ed.</subfield>
    <subfield code="9">23416</subfield>
  </datafield>
  <datafield tag="942" ind1=" " ind2=" ">
    <subfield code="2">ddc</subfield>
    <subfield code="c">Impreso</subfield>
  </datafield>
  <datafield tag="999" ind1=" " ind2=" ">
    <subfield code="c">8357</subfield>
    <subfield code="d">8357</subfield>
  </datafield>
  <datafield tag="952" ind1=" " ind2=" ">
    <subfield code="0">0</subfield>
    <subfield code="1">0</subfield>
    <subfield code="2">ddc</subfield>
    <subfield code="4">0</subfield>
    <subfield code="7">0</subfield>
    <subfield code="8">GENERAL</subfield>
    <subfield code="I">INV2017</subfield>
    <subfield code="a">Venado</subfield>
    <subfield code="b">Venado</subfield>
    <subfield code="d">2014-04-04</subfield>
    <subfield code="e">Instituto</subfield>
    <subfield code="g">39000.00</subfield>
    <subfield code="l">0</subfield>
    <subfield code="o">LB-338.1  S77a</subfield>
    <subfield code="p">038002</subfield>
    <subfield code="r">2014-04-04 00:00:00</subfield>
    <subfield code="t">Ej. 1</subfield>
    <subfield code="w">2014-04-04</subfield>
    <subfield code="x">Donaci&#xF3;n</subfield>
    <subfield code="y">LIBRO</subfield>
  </datafield>
</record>
